The concept of transport in Quran / (Record no. 185306)
[ view plain ]
| 000 -LEADER | |
|---|---|
| fixed length control field | 00750 a2200169 4500 |
| 003 - CONTROL NUMBER IDENTIFIER | |
| control field | NUST |
| 005 - DATE AND TIME OF LATEST TRANSACTION | |
| control field | 20230118122204.0 |
| 040 ## - CATALOGING SOURCE | |
| Transcribing agency | Nust |
| 082 ## - DEWEY DECIMAL CLASSIFICATION NUMBER | |
| Classification number | 387,HUS |
| 100 ## - MAIN ENTRY--PERSONAL NAME | |
| Personal name | Hussain, Khalifa Afzal |
| 9 (RLIN) | 106959 |
| 245 ## - TITLE STATEMENT | |
| Title | The concept of transport in Quran / |
| Statement of responsibility, etc. | Khalifa Afzal Hussain |
| 260 ## - PUBLICATION, DISTRIBUTION, ETC. | |
| Place of publication, distribution, etc. | Lahore |
| Name of publisher, distributor, etc. | New Fine printing |
| Date of publication, distribution, etc. | 1987 |
| 300 ## - PHYSICAL DESCRIPTION | |
| Extent | 95 .p; |
| 505 ## - FORMATTED CONTENTS NOTE | |
| Formatted contents note | The Mysteries in The Quran (Page-9), Communications and Transport (Page-26), Travel Subjective & Objective (Page-34), Maritime Transport (Page-41), The Delug (Page-54), Road Transport (Page-62), The Significance of Transport in Miraj (Page-71), The Concept of Science and Commerce in Quran (Page-80). |
| 650 ## - SUBJECT ADDED ENTRY--TOPICAL TERM | |
| Topical term or geographic name entry element | The concept of transport in quran |
| 9 (RLIN) | 106960 |
| 942 ## - ADDED ENTRY ELEMENTS (KOHA) | |
| Source of classification or shelving scheme | |
| Koha item type | Book |
| Call number prefix | 387,HUS |
| Withdrawn status | Lost status | Source of classification or shelving scheme | Damaged status | Not for loan | Permanent Location | Current Location | Shelving location | Date acquired | Full call number | Barcode | Date last seen | Price effective from | Koha item type | Public note |
|---|---|---|---|---|---|---|---|---|---|---|---|---|---|---|
| Military College of Signals (MCS) | Military College of Signals (MCS) | General Stacks | 12/12/2016 | 387,HUS | MCS21627 | 12/08/2016 | 12/12/2016 | Book | Almirah No.54, Shelf No.5 |
